000 00759nam a2200265Ia 4500
003 OSt
005 20220925231759.0
006 a|||||r|||| 00| 0
007 ta
008 220923b |||||||| |||| 00| 0 ger d
037 _cGeneral Book
040 _aRTL
_cRTL
_bger
041 _2ger
_ager
082 _aX64, P0
100 _aMishkin Frederic S
_9231619
245 0 _aFinancial markets and institutions
250 _aEd 3rd
260 _aMassachasetts
_bAddison Wesley
_c2000
300 _axxxvii,697p
_ccm.
490 _aAddision- Wcslcy Series In Finance
650 _aSavings Bank
700 _a Eakins Stanley G
_9244437
942 _hX64, P0
_cGB
_2CC
999 _c589435
_d589435